| 000 | 00352nam a2200145Ia 4500 | ||
|---|---|---|---|
| 005 | 20251222144707.0 | ||
| 008 | 251222s9999||||xx |||||||||||||| ||spa|| | ||
| 020 | _a9972451364 | ||
| 082 | _a771/B24 | ||
| 100 | _aBarclay, Verónica | ||
| 245 | 0 | _aManual de Fotografía | |
| 250 | _a1ra. ed. | ||
| 264 | _bFondo de Desarrollo Editorial | ||
| 942 | _cLIB | ||
| 999 |
_c17679 _d17679 |
||